LEADER 02411nam0 22004813i 450 001 VAN0263218 005 20240109041357.487 017 70$2N$a9783642617522 100 $a20230913d1984 |0itac50 ba 101 $aeng 102 $aDE 105 $a|||| ||||| 200 1 $aDifferentiable manifolds$eforms, currents, harmonic forms$fGeorges de Rham$gtranslated from the French by F. R. Smith$gintroduction to the English edition by S. S. Chern 210 $aBerlin$cSpringer$d1984 215 $ax, 166 p.$d24 cm 410 1$1001VAN0024107$12001 $aGrundlehren der mathematischen Wissenschaften$eA series of comprehensive texts in mathematics$1210 $aBerlin [etc.]$cSpringer$v266 500 1$3VAN0263217$aVariétés Différentiables$9384786 606 $a57-XX$xManifolds and cell complexes [MSC 2020]$3VANC019671$2MF 606 $a58-XX$xGlobal analysis, analysis on manifolds [MSC 2020]$3VANC019758$2MF 606 $a58A25$xCurrents in global analysis [MSC 2020]$3VANC022482$2MF 606 $a58A14$xHodge theory in global analysis [MSC 2020]$3VANC023135$2MF 606 $a58Axx$xGeneral theory of differentiable manifolds [MSC 2020]$3VANC023312$2MF 606 $a58A10$xDifferential forms in global analysis [MSC 2020]$3VANC023317$2MF 606 $a55Nxx$xHomology and cohomology theories in algebraic topology [MSC 2020]$3VANC024062$2MF 606 $a58A12$xde Rham theory in global analysis [MSC 2020]$3VANC024063$2MF 606 $a58A05$xDifferentiable manifolds, foundations [MSC 2020]$3VANC024249$2MF 610 $aDifferentiable manifolds$9KW:K 610 $aManifolds$9KW:K 610 $aRiemannian manifolds$9KW:K 610 $aVarieties$9KW:K 620 $dBerlin$3VANL000066 700 1$aRham$bGeorges de$3VANV043089$046220 702 1$aSmith$bF. R.$3VANV043090$4730 702 1$aChern$bShiing-Shen$3VANV041009 712 $aSpringer $3VANV108073$4650 801 $aIT$bSOL$c20240614$gRICA 856 4 $uhttps://doi.org/10.1007/978-3-642-61752-2$zhttps://doi.org/10.1007/978-3-642-61752-2 899 $aBIBLIOTECA DEL DIPARTIMENTO DI MATEMATICA E FISICA$1IT-CE0120$2VAN08 912 $fN 912 $aVAN0263218 950 $aBIBLIOTECA DEL DIPARTIMENTO DI MATEMATICA E FISICA$d08CONS e-book 6604 $e08eMF6604 20230927 996 $aVariétés différentiables$9384786 997 $aUNICAMPANIA LEADER 01966nam1 22004333i 450 001 SBL0506318 005 20251003044355.0 100 $a20120402g1959 ||||0itac50 ba 101 | $aita 102 $ait 181 1$6z01$ai $bxxxe 182 1$6z01$an 183 1$6z01$anc$2RDAcarrier 200 1 $aˆI ‰contratti della Pubblica Amministrazione$fG. Roehrssen Di Cammerata$glezioni raccolte dall'assistente Giulia Lucente 210 $aBologna$cZanichelli 215 $av.$d25 cm 225 | $aUniversità di Bologna, Corso di specializzazione in scienze amministrative 300 $aIn testa al front: Università degli Studi di Bologna, Scuola di perfezionamento in scienze amministrative. 410 0$1001TO00568158$12001 $aUniversità di Bologna, Corso di specializzazione in scienze amministrative$1702 1$aAlessi$b, Renato$3LO1V030377$4070 463 1$1001SBL0506319$12000 $a1$fG. Roehrssen$v1 463 1$1001UBO0745779$12001 $a1$fG. Roehrssen 463 1$1001UFE0234823$12000 $a1$fG. Roehrssen$v1 463 1$1001UFI0473676$12000 $a1$fG. Roehrssen Di Cammerata$v1 500 10$aˆI ‰contratti della Pubblica Amministrazione.$3MSE0079480$9IEIV067761$9954885 676 $a346.45023$9CONTRATTI PUBBLICI (CONTRATTI DELL'AMMINISTRAZIONE PUBBLICA). ITALIA$v21 676 $a350$9AMMINISTRAZIONE PUBBLICA, DIRITTO PUBBLICO, DIRITTO AMMINISTRATIVO$v16 676 $a350$9AMMINISTRAZIONE PUBBLICA E SCIENZA MILITARE$v21 700 1$aRoehrssen$b, Guglielmo$3IEIV067761$4070$0460603 702 1$aLucente$b, Giulia$3SBLV234281 801 3$aIT$bIT-000000$c20120402 850 $aIT-BN0095 $aIT-AV0151 901 $bNAP 01$cD $n$ 901 $bNAP CF$cDIRITTO $n$ 912 $aSBL0506318 950 1$aBiblioteca Centralizzata di Ateneo$d 01D (AR) 5 853 967 $m1 977 $a 01$a CF 996 $aContratti della pubblica amministrazione$9954885 997 $aUNISANNIO